Every NBA Championship MVP Since 2000 - Statistics

General Stats
  • This quiz has been taken 27 times
  • The average score is 20 of 25
Answer Stats
Hint Answer % Correct
2009 Kobe Bryant
96%
2010 Kobe Bryant
96%
2000 Shaquille O'Neal
96%
2001 Shaquille O'Neal
96%
2002 Shaquille O'Neal
96%
2003 Tim Duncan
96%
2005 Tim Duncan
96%
2011 Dirk Nowitzki
91%
2012 LeBron James
91%
2013 LeBron James
91%
2016 LeBron James
91%
2020 LeBron James
91%
2023 Nikola Jokic
91%
2022 Stephen Curry
91%
2017 Kevin Durant
87%
2018 Kevin Durant
87%
2014 Kawhi Leonard
83%
2019 Kawhi Leonard
83%
2024 Jaylen Brown
78%
2008 Paul Pierce
74%
2007 Tony Parker
70%
2004 Chauncey Billups
65%
2015 Andre Igoudala
35%
2006 Dwayne Wade
35%
2021 Giannis Antetokoumpo
13%
No matching quizzes found
Score Distribution
Percent of People with Each Score
Percentile by Number Answered
Your Score History
You have not taken this quiz